| 000 | 00604nam a22001817a 4500 | ||
|---|---|---|---|
| 003 | CEME | ||
| 005 | 20210628203301.0 | ||
| 008 | 210204b xxu||||| |||| 00| 0 eng d | ||
| 020 | _a0849326249 | ||
| 040 | _c. | ||
| 082 | _a004.67 MOB | ||
| 100 |
_aZhang, Yan , Chen, Hsiao-Hwa _964479 |
||
| 245 | _aMobile wimax , toward bradband wireless metropolitan area networks | ||
| 260 |
_aNEW YORK _bAUERBACH PUBLICATIONS _c2008 |
||
| 300 | _aXII, 448P | ||
| 650 |
_aMOBILE WIMAX.WIRELESS NETWORKS , MOBILE COMMUNICATION.IEEE 802.16-STANDARD , .WIRELESS METROPOLITAN AREA NETWORKS _964480 |
||
| 942 |
_cBK _2ddc |
||
| 999 |
_c572955 _d572955 |
||